| 000 | 00562cab a2200217 4500 | ||
|---|---|---|---|
| 001 | X1139 | ||
| 008 | 090401t1993 xxu||||| |||| 00| 0 eng d | ||
| 035 | _a(Sirsi) u14907 | ||
| 041 | _aeng | ||
| 245 | _aRoad test : The Bentall Centre | ||
| 260 | _c1993 | ||
| 350 | _a0 | ||
| 490 |
_aCSW - The Property Week _v45(4) 28 October 1993, 24-27(4) |
||
| 650 | _aKINGSTON UPON THAMES | ||
| 650 | _aROAD TEST | ||
| 650 | _aSHOPPING CENTRES | ||
| 650 | _aTRANSPORT | ||
| 690 | _aPROPERTY-COMMERCIAL PROPERTY-RETAIL PROPERTY | ||
| 942 | _n0 | ||
| 948 | _c04/03/1997 | ||
| 999 |
_c9731 _d9731 |
||